000 00485nam a2200193 i 4500
001 bg
100 1 _aKORYTA, Jiri
245 0 _aElektrochemia /
_cJiri Koryta, Jiri Dvorak, Vlasta Bohackova.
260 _aWarszawa :
_bPWN,
_c1980.
650 9 _aElektrochemia
655 _aPodręczniki akademickie
700 1 _aDVORAK, Jiri
700 1 _aBOHACKOVA, Vlasta
040 _cBPK
041 _apol
080 _a541.13
942 _cKS
008 s pl f |000 0 pol
999 _c19360
_d19360
856 _uhttp://koha.tu.koszalin.pl/cgi-bin/koha/opac-detail.pl?biblionumber=19360
_yKatalog online BPK